<?xml version="1.0" encoding="UTF-8"?><?xml-stylesheet type="text/xsl" href="static/style.xsl"?><OAI-PMH xmlns="http://www.openarchives.org/OAI/2.0/" xmlns:xsi="http://www.w3.org/2001/XMLSchema-instance" xsi:schemaLocation="http://www.openarchives.org/OAI/2.0/ http://www.openarchives.org/OAI/2.0/OAI-PMH.xsd"><responseDate>2026-04-17T00:54:43Z</responseDate><request verb="GetRecord" identifier="oai:www.recercat.cat:2072/455628" metadataPrefix="marc">https://recercat.cat/oai/request</request><GetRecord><record><header><identifier>oai:recercat.cat:2072/455628</identifier><datestamp>2025-05-28T03:16:27Z</datestamp><setSpec>com_2072_98</setSpec><setSpec>col_2072_378192</setSpec></header><metadata><record xmlns="http://www.loc.gov/MARC21/slim" xmlns:dcterms="http://purl.org/dc/terms/" xmlns:xsi="http://www.w3.org/2001/XMLSchema-instance" xmlns:doc="http://www.lyncode.com/xoai" xsi:schemaLocation="http://www.loc.gov/MARC21/slim http://www.loc.gov/standards/marcxml/schema/MARC21slim.xsd">
   <leader>00925njm 22002777a 4500</leader>
   <datafield ind2=" " ind1=" " tag="042">
      <subfield code="a">dc</subfield>
   </datafield>
   <datafield ind2=" " ind1=" " tag="720">
      <subfield code="a">Soler, María José</subfield>
      <subfield code="e">author</subfield>
   </datafield>
   <datafield ind2=" " ind1=" " tag="720">
      <subfield code="a">Macia Heras, Manuel</subfield>
      <subfield code="e">author</subfield>
   </datafield>
   <datafield ind2=" " ind1=" " tag="720">
      <subfield code="a">Ortiz, Alberto</subfield>
      <subfield code="e">author</subfield>
   </datafield>
   <datafield ind2=" " ind1=" " tag="720">
      <subfield code="a">Del Pino Y Pino, Mª Dolores</subfield>
      <subfield code="e">author</subfield>
   </datafield>
   <datafield ind2=" " ind1=" " tag="720">
      <subfield code="a">Salgueira Lazo, Mercedes</subfield>
      <subfield code="e">author</subfield>
   </datafield>
   <datafield ind2=" " ind1=" " tag="720">
      <subfield code="a">Universitat Autònoma de Barcelona</subfield>
      <subfield code="e">author</subfield>
   </datafield>
   <datafield ind2=" " ind1=" " tag="260">
      <subfield code="c">2020</subfield>
   </datafield>
   <datafield ind2=" " ind1=" " tag="520">
      <subfield code="a">La pandemia de la infección por el coronavirus tipo 2 del síndrome respiratorio agudo grave o SARS-CoV-2, causante de la enfermedad por coronavirus de 2019 (COVID-19), ha precisado una transformación drástica de los hospitales y, por consiguiente, de los servicios de Nefrología de España. Desde la Sociedad Española de Nefrología se ha realizado una encuesta a los jefes de servicios de Nefrología de España abordando la reorganización de los servicios de Nefrología y la actividad en la época de mayor afectación por COVID-19. Hemos preguntado por la integración de los nefrólogos en equipos COVID-19, la actividad asistencial de hospitalización de Nefrología (ingresos programados, biopsias renales), la realización de cirugías programadas como los accesos vasculares o la implantación de catéteres peritoneales, la suspensión o no del programa de trasplante renal y la transformación de las consultas externas de Nefrología. En el trabajo actual se detallan la adaptación y la transformación de los servicios de Nefrología en la pandemia COVID-19 en España. Durante dicho periodo se han suspendido los ingresos programados en los servicios de Nefrología, la realización de cirugías/biopsias programadas y ha disminuido en más de un 75% el programa de trasplante renal. Es de interés mencionar que las consultas externas de Nefrología se han realizado mayoritariamente telefónicamente. En conclusión, la pandemia ha impactado claramente en la actividad clínica en los servicios de Nefrología españoles disminuyendo la actividad programada y los trasplantes renales y modificando la actividad en consultas externas. Un plan de transformación asistencial e implementación de telemedicina en Nefrología parece necesario y de gran utilidad en un futuro próximo.</subfield>
   </datafield>
   <datafield tag="653" ind2=" " ind1=" ">
      <subfield code="a">COVID-19</subfield>
   </datafield>
   <datafield tag="653" ind2=" " ind1=" ">
      <subfield code="a">Diálisis</subfield>
   </datafield>
   <datafield tag="653" ind2=" " ind1=" ">
      <subfield code="a">Trasplante renal</subfield>
   </datafield>
   <datafield tag="653" ind2=" " ind1=" ">
      <subfield code="a">Nefrología clínica</subfield>
   </datafield>
   <datafield tag="653" ind2=" " ind1=" ">
      <subfield code="a">COVID-19</subfield>
   </datafield>
   <datafield tag="653" ind2=" " ind1=" ">
      <subfield code="a">Dialysis</subfield>
   </datafield>
   <datafield tag="653" ind2=" " ind1=" ">
      <subfield code="a">Kidney transplant</subfield>
   </datafield>
   <datafield tag="653" ind2=" " ind1=" ">
      <subfield code="a">Clinical Nephrology</subfield>
   </datafield>
   <datafield ind2="0" ind1="0" tag="245">
      <subfield code="a">Impacto de la pandemia COVID-19 en los servicios de Nefrología españoles</subfield>
   </datafield>
</record></metadata></record></GetRecord></OAI-PMH>